00438nam a2200145Ia 4500008004100000041000900041082001900050100002600069245003200095260003600127300000800163650000800171999001700179952009600196230718s9999 xx 000 0 und d aEng. a134.606bCHE-T aCheema Zaheel ig, bel 4aThe Companies cordince (886 aPakistanbMazze law bode c2012 a304 aLaw c26901d26901 00104070aSIRC-LbSIRC-Ld2023-07-18l0o134.606 CHE-Tp21853r2023-07-18w2023-07-18yBK